000
00220 a2200097 4500
001
33047
100
_a
Bansal,S.K
245
_a
Dictionary of IT Terms
260
_a
ND
_b
APH Publishing Corp
_c
2002
090
_c
22177
_d
22177
942
_a
NUST-CAE
_c
M
_c
13533
999
_c
268120
_d
268120